[Event "SVK-ch U08"]
[Site "Lubovnianske Kupele"]
[Date "2012.03.24"]
[Round "7"]
[White "Barnas, Michal"]
[Black "Pekelsky, Samuel"]
[Result "0-1"]
[WhiteElo "1166"]
[BlackElo "1000"]
[PlyCount "104"]
[EventDate "2012.03.17"]
[EventType "swiss"]
[EventRounds "7"]
[EventCountry "SVK"]
[SourceTitle "CBM 147 Extra"]
[Source "ChessBase"]
[SourceDate "2012.04.24"]
[SourceVersion "1"]
[SourceVersionDate "2012.04.24"]
[SourceQuality "1"]

1. e4 e5 2. Nf3 Nc6 3. Bc4 Bc5 4. Nxe5 Nxe5 5. d4 Nxc4 6. dxc5 d6 7. b3 Ne5 8. 0-0 Qh4 9. h3 Qf6 10. Bb2 Qg6 11. Bxe5 Bxh3 12. Bg3 Bg4 13. Qd3 h5 14. e5 Qg5 15. f4 Qd8 16. cxd6 cxd6 17. exd6 Kf8 18. f5 h4 19. Bf4 h3 20. gxh3 Rxh3 21. d7 Rxd3 22. Re1 Qb6+ 23. Kf1 Bh3+ 24. Ke2 Qa6 25. cxd3 Rd8 26. Kd2 Qa5+ 27. Nc3 Qxf5 28. Bd6+ Ne7 29. Bxe7+ Kg8 30. Bxd8 Qf2+ 31. Re2 Qf4+ 32. Re3 Bxd7 33. Nd5 Qd6 34. Ne7+ Kf8 35. Rh3 Qf4+ 36. Kc2 Bxh3 37. Rh1 Ke8 38. Rxh3 Kxd8 39. Nd5 Qf5 40. Rh8+ Kd7 41. Ne3 Qf2+ 42. Kc3 Qxe3 43. Rb8 Qe5+ 44. Kc4 Qxb8 45. a4 g5 46. Kd4 Qf4+ 47. Kc3 g4 48. Kc2 g3 49. Kc3 g2 50. d4 g1Q 51. Kc4 Qgxd4+ 52. Kb5 Qfe5# 0-1

[Event "SVK-ch U08"]
[Site "Lubovnianske Kupele"]
[Date "2012.03.22"]
[Round "5"]
[White "Pekelsky, Samuel"]
[Black "Gabzdil, Juraj"]
[Result "1-0"]
[WhiteElo "1000"]
[BlackElo "1000"]
[PlyCount "27"]
[EventDate "2012.03.17"]
[EventType "swiss"]
[EventRounds "7"]
[EventCountry "SVK"]
[SourceTitle "CBM 147 Extra"]
[Source "ChessBase"]
[SourceDate "2012.04.24"]
[SourceVersion "1"]
[SourceVersionDate "2012.04.24"]
[SourceQuality "1"]

1. e4 e5 2. Nf3 Bc5 3. Nxe5 Qh4 4. Qe2 Nf6 5. Qf3 Nxe4 6. Qxf7+ Kd8 7. g3 Bxf2+ 8. Kd1 Nxg3 9. Qxg7 Re8 10. d3 Nxh1 11. Bg5+ Qxg5 12. Qxg5+ Re7 13. Nf7+ Ke8 14. Qg8# 1-0

[Event "SVK-ch U08"]
[Site "Lubovnianske Kupele"]
[Date "2012.03.17"]
[Round "1"]
[White "Sosovicka, Jakub"]
[Black "Pekelsky, Samuel"]
[Result "1-0"]
[WhiteElo "1360"]
[BlackElo "1000"]
[PlyCount "61"]
[EventDate "2012.03.17"]
[EventType "swiss"]
[EventRounds "7"]
[EventCountry "SVK"]
[SourceTitle "CBM 147 Extra"]
[Source "ChessBase"]
[SourceDate "2012.04.24"]
[SourceVersion "1"]
[SourceVersionDate "2012.04.24"]
[SourceQuality "1"]

1. e4 e5 2. Nf3 Nc6 3. Bc4 Bc5 4. 0-0 Nf6 5. d4 exd4 6. e5 Ne4 7. Re1 Nxf2 8. Kxf2 d3+ 9. Be3 Bb4 10. c3 Be7 11. Qxd3 Bh4+ 12. g3 Be7 13. Nbd2 0-0 14. Ne4 b6 15. Rad1 a6 16. Bg5 Bxg5 17. Nexg5 g6 18. Qd5 Qe8 19. Re4 d6 20. exd6 Qd7 21. dxc7 Qxd5 22. Bxd5 Bb7 23. Rf4 Kg7 24. Rxf7+ Rxf7 25. Bxf7 h6 26. Rd7 hxg5 27. Bd5+ Kh6 28. c8Q Rxc8 29. Rxb7 b5 30. Rb6 Rb8 31. Rxc6 1-0